The Swedish anthem - Statistics

General Stats
  • This quiz has been taken 17 times
  • The average score is 68 of 124
Answer Stats
Answer % Correct
Du
100%
du
100%
fria
100%
gamla
100%
nord
94%
sköna
94%
tysta
88%
glädjerika
81%
Ja
81%
Jag
81%
jag
81%
är
75%
75%
fjällhöga
75%
gröna
75%
i
75%
leva
75%
Norden
75%
vill
75%
ängder
69%
69%
dar
69%
den
69%
Din
69%
din
69%
dina
69%
himmel
69%
jord
69%
och
69%
69%
sol
69%
vad
69%
var
69%
att
63%
dig
63%
för
63%
För
63%
land
63%
minnen
63%
uppå
63%
vet
63%
från
56%
hälsar
56%
tronar
56%
blir
50%
ditt
50%
fornstora
50%
jorden
50%
namn
50%
över
50%
flög
44%
ärat
38%
vänaste
38%
Sverige
19%
värna
19%
älskade
13%
byter
13%
en
13%
mitt
13%
städs
13%
tjäna
13%
allt
6%
bära
6%
bragderika
6%
döden
6%
ej
6%
fana
6%
fosterjorden
6%
Gud
6%
håg
6%
hand
6%
härd
6%
hem
6%
högt
6%
kämpa
6%
kära
6%
med
6%
Med
6%
mot
6%
Nej
6%
rätt
6%
skall
6%
svära
6%
till
6%
trohet
6%
värld
6%
No matching quizzes found
Score Distribution
Percent of People with Each Score
Percentile by Number Answered
Your Score History
You have not taken this quiz